Multiple Choice Qustions (Record no. 904)

MARC details
000 -LEADER
fixed length control field 00521nam a22002057a 4500
003 - CONTROL NUMBER IDENTIFIER
control field OSt
005 - DATE AND TIME OF LATEST TRANSACTION
control field 20150114154603.0
008 - FIXED-LENGTH DATA ELEMENTS--GENERAL INFORMATION
fixed length control field 150114b xxu||||| |||| 00| 0 eng d
020 ## - INTERNATIONAL STANDARD BOOK NUMBER
International Standard Book Number 0906896878
040 ## - CATALOGING SOURCE
Transcribing agency DNLM
082 ## - DEWEY DECIMAL CLASSIFICATION NUMBER
Classification number WB 18 H314m 1995
100 ## - MAIN ENTRY--PERSONAL NAME
Personal name Hawkins Richard L
9 (RLIN) 2231
245 ## - TITLE STATEMENT
Title Multiple Choice Qustions
Statement of responsibility, etc. Prepared by Richard L. Hawkins
250 ## - EDITION STATEMENT
Edition statement Book 4
260 ## - PUBLICATION, DISTRIBUTION, ETC. (IMPRINT)
Place of publication, distribution, etc. Knutsford:
Name of publisher, distributor, etc. PASTEST;
Date of publication, distribution, etc. 1995.
300 ## - PHYSICAL DESCRIPTION
Other physical details x, 180 p :
504 ## - BIBLIOGRAPHY, ETC. NOTE
Bibliography, etc includes index.
650 ## - SUBJECT ADDED ENTRY--TOPICAL TERM
Topical term or geographic name as entry element MCQs
9 (RLIN) 2433
942 ## - ADDED ENTRY ELEMENTS (KOHA)
Source of classification or shelving scheme Other/Generic Classification Scheme
Koha item type Short Loan
Holdings
Withdrawn status Lost status Source of classification or shelving scheme Damaged status Not for loan Home library Current library Date acquired Source of acquisition Inventory number Total Checkouts Full call number Barcode Date last seen Price effective from Koha item type
    Other/Generic Classification Scheme     MUST Main Library MUST Main Library 14/01/2015   2006/26180   WB 18 H314m 1995 2015-0116 14/01/2015 14/01/2015 Short Loan